Presidents of Indonesia by Picture - Statistics

General Stats
  • This quiz has been taken 96 times
    14 since last reset
  • The average score is 7 of 8
Answer Stats
Picture Hint Answer % Correct
1968-1998 Suharto
100%
1945-1967 Sukarno
100%
1998-1999 B. J. Habibie
92%
2014-2024 Joko Widodo
85%
2024-Present Prabowo Subianto
77%
2004-2014 Susilo Bambang Yudhoyono
77%
1999-2001 Abdurrahman Wahid
69%
2001-2004 Megawati Sukarnoputri
54%
No matching quizzes found
Score Distribution
Percent of People with Each Score
Percentile by Number Answered
Your Score History
You have not taken this quiz since the last reset